Nommez un pays d'Amérique A-Z - Statistiques

Statistiques générales
  • Ce quiz a été pris 760 fois
    151 depuis la dernière actualisation
  • Le résultat moyen est 14 sur 16
Statistiques - réponses
Lettre Pays % Correct
B Bahamas | Barbade | Belize | Bolivie | Brésil
100%
C Canada | Chili | Colombie | Costa Rica | Cuba
100%
H Haïti | Honduras
99%
P Panama | Paraguay | Pérou
98%
A Antigua-et-Barbuda | Argentine
95%
J Jamaïque
95%
E Équateur | États-Unis
94%
G Grenade | Guatemala | Guyana
93%
U Uruguay
91%
V Venezuela
91%
S Saint-Christophe-et-Niévès | Saint-Vincent-et-les-Grenadines | Sainte-Lucie | Salvador | Suriname
88%
N Nicaragua
83%
D Dominique
80%
M Mexique
78%
T Trinité-et-tobago
66%
R République dominicaine
63%
Aucun quiz correspondant
Distribution des résultats
% des personnes avec chaque résultat
Percentile par nombre de réponses
Votre historique - résultats
Vous n’avez pas pris ce quiz depuis la dernière actualisation